| 000 | 00634nam a2200229 4500 | ||
|---|---|---|---|
| 003 | OSt | ||
| 005 | 20260601171007.0 | ||
| 008 | 260507b1995\\\\|||a||||\||||\001\0\spa\d | ||
| 020 | _a9688872822 | ||
| 040 |
_aICI _bspa _cICI |
||
| 050 |
_aTH4965 _bL5838 1995 |
||
| 100 | 1 | _aLittlewood, Michell | |
| 245 | 1 |
_aDiseño Urbano 3: _bÁrboles |
|
| 264 |
_bEdiciones G. Gili, S.A. de C.V. _c1995 _aMéxico |
||
| 300 | _a188 páginas | ||
| 336 |
_atexto _2rdacontent |
||
| 337 |
_asin medio _2rdamedia |
||
| 338 |
_avolumen _2rdacarrier |
||
| 650 |
_aCiudades y pueblos _xDesarrollo |
||
| 650 |
_aDiseño urbano _920844 |
||
| 942 |
_2lcc _cB _n1 |
||
| 999 |
_c20344 _d20344 |
||